[Event "Quebec-ch"]
[Site "Montreal CAN"]
[Date "1993.06.11"]
[Round "9"]
[White "Bergeron, Pascal"]
[Black "O'Donnell, Tom"]
[Result "0-1"]
[WhiteElo "2043"]
[BlackElo "2344"]
[PlyCount "81"]
[GameId "2160767912278816"]
[EventDate "1993.05.31"]
[EventType "tourn"]
[EventRounds "9"]
[EventCountry "CAN"]
[SourceTitle "EXT 97"]
[Source "ChessBase"]
[SourceDate "1997.11.17"]
[SourceVersion "1"]
[SourceVersionDate "1997.11.17"]
[SourceQuality "1"]

1. d4 d5 2. Nf3 c6 3. e3 Bf5 4. c4 e6 5. cxd5 exd5 6. Nc3 Bd6 7. Qb3 Qb6 8. Qa4 Nd7 9. Be2 Ngf6 10. O-O O-O 11. Bd2 Qxb2 12. a3 Bc2 13. Qa5 Qb6 14. Qxb6 axb6 15. a4 Bb4 16. Bd1 Bxc3 17. Bxc3 Bxd1 18. Rfxd1 Ra6 19. Rdb1 Rfa8 20. a5 Ne4 21. Be1 Nd6 22. Kf1 bxa5 23. Ne5 Nxe5 24. dxe5 Nb5 25. Ra4 b6 26. Ke2 Nc7 27. Rba1 Kf8 28. f4 Ne6 29. g4 Nc5 30. R4a3 Ke8 31. Kd1 Kd7 32. Ke2 a4 33. Bb4 Nb3 34. Rd1 b5 35. f5 Ke8 36. Be1 c5 37. Kf3 Rd8 38. Bh4 Rd7 39. Ra2 d4 40. e4 d3 41. Ke3 0-1

[Event "Kent Oliver mem."]
[Site "Winnipeg CAN"]
[Date "1993.??.??"]
[Round "?"]
[White "Valvo, Michael"]
[Black "O'Donnell, Tom"]
[Result "1/2-1/2"]
[WhiteElo "2365"]
[BlackElo "2390"]
[PlyCount "43"]
[GameId "2160767912279349"]
[EventDate "1993.??.??"]
[EventType "swiss"]
[EventRounds "5"]
[EventCountry "CAN"]
[SourceTitle "EXT 2002"]
[Source "ChessBase"]
[SourceDate "2001.11.25"]
[SourceVersion "1"]
[SourceVersionDate "2001.11.25"]
[SourceQuality "1"]

1. e4 Nc6 2. Nf3 e5 3. Bc4 d6 4. d4 exd4 5. Nxd4 g6 6. Nc3 Bg7 7. Be3 Nf6 8. f3 O-O 9. Qd2 a6 10. O-O-O Ne5 11. Be2 b5 12. Bh6 c5 13. Bxg7 Kxg7 14. Nb3 c4 15. Nd4 b4 16. Nd5 Nxd5 17. exd5 Qa5 18. Kb1 c3 19. Nb3 Qc7 20. Qd4 Kg8 21. f4 Nd7 22. Qc4 1/2-1/2

[Event "Festival gourmands"]
[Site "Asbestos CAN"]
[Date "1992.08.16"]
[Round "4"]
[White "O'Donnell, Tom"]
[Black "Teuton, Frank"]
[Result "1-0"]
[WhiteElo "2334"]
[BlackElo "2186"]
[PlyCount "80"]
[GameId "2160767912325887"]
[EventDate "1992.08.14"]
[EventType "swiss"]
[EventRounds "5"]
[EventCountry "CAN"]

1. e4 g6 2. d4 c6 3. Nf3 d5 4. Nbd2 Bg7 5. h3 Nh6 6. Bd3 f6 7. O-O O-O 8. Re1 Nf7 9. c4 e6 10. b3 Bd7 11. Qc2 Na6 12. a3 b5 13. Bb2 Rc8 14. Rad1 Qb6 15. c5 Qc7 16. b4 Rce8 17. Qb3 Qc8 18. a4 Nc7 19. axb5 cxb5 20. Nb1 Bc6 21. Nc3 Qd7 22. Re2 Kh8 23. Rde1 e5 24. exd5 Nxd5 25. Nxd5 Bxd5 26. Bxb5 Qe6 27. Qa3 Rb8 28. dxe5 fxe5 29. Nxe5 Rxb5 30. Ng4 Qf5 31. Bxg7+ Kxg7 32. Qc3+ Kg8 33. Nf6+ Qxf6 34. Qxf6 Rxb4 35. Re8 a5 36. Rxf8+ Kxf8 37. Rc1 a4 38. c6 Rb6 39. Qd4 Rxc6 40. Rxc6 Bxc6 1-0

[Event "Festival gourmands"]
[Site "Asbestos CAN"]
[Date "1992.08.16"]
[Round "5"]
[White "O'Donnell, Tom"]
[Black "Levtchouk, George"]
[Result "1/2-1/2"]
[WhiteElo "2334"]
[BlackElo "2313"]
[PlyCount "24"]
[GameId "2160767912325894"]
[EventDate "1992.08.14"]
[EventType "swiss"]
[EventRounds "5"]
[EventCountry "CAN"]
[SourceTitle "hb 2011"]

1. e4 g6 2. d4 Bg7 3. Nf3 d6 4. Be3 Nf6 5. Nc3 O-O 6. h3 a6 7. a4 b6 8. Bd3 Bb7 9. O-O e6 10. Qe2 Nbd7 11. Rfd1 Qe7 12. Bg5 h6 1/2-1/2

[Event "Quebec op"]
[Site "Montreal CAN"]
[Date "1992.08.01"]
[Round "1"]
[White "Wenaas, Eric"]
[Black "O'Donnell, Tom"]
[Result "0-1"]
[WhiteElo "1929"]
[BlackElo "2270"]
[PlyCount "108"]
[GameId "2160767912325923"]
[EventDate "1992.08.01"]
[EventType "swiss"]
[EventRounds "8"]
[EventCountry "CAN"]
[SourceTitle "EXT 2022"]
[Source "ChessBase"]
[SourceDate "2021.10.06"]
[SourceVersion "1"]
[SourceVersionDate "2021.10.06"]
[SourceQuality "1"]

1. d4 d5 2. c4 e6 3. Nc3 c6 4. cxd5 exd5 5. Bf4 Bf5 6. e3 Nf6 7. Bd3 Bxd3 8. Qxd3 Be7 9. Nf3 Nbd7 10. O-O O-O 11. Rab1 a5 12. Qc2 Ra6 13. Ne5 Nh5 14. Nxd7 Qxd7 15. Ne2 Re8 16. Be5 Bf8 17. Ng3 f6 18. Bb8 Rxb8 19. Nxh5 Bd6 20. Ng3 Re8 21. a3 a4 22. Rbe1 Qf7 23. Re2 Bxg3 24. hxg3 Qg6 25. Qxg6 hxg6 26. Rc1 Rb6 27. Rc5 Ra8 28. Kf1 Kf7 29. Rec2 Ke6 30. Ke2 Kd6 31. Kd3 g5 32. f3 f5 33. Re2 Re8 34. Rec2 Re6 35. Re2 Rb3+ 36. Rc3 Rb5 37. Rcc2 b6 38. Rc3 c5 39. dxc5+ bxc5 40. Rcc2 Rb3+ 41. Rc3 Rb8 42. Rc1 Re7 43. Rcc2 Reb7 44. Red2 Re7 45. Re2 g6 46. Rc1 Reb7 47. Rb1 Rb3+ 48. Kc2 c4 49. Ree1 Kc5 50. Re2 c3 51. Kd3 cxb2+ 52. Kc2 Kc4 53. Rd2 Rc3+ 54. Kd1 Rd3 0-1

[Event "Quebec op"]
[Site "Montreal CAN"]
[Date "1992.08.02"]
[Round "2"]
[White "O'Donnell, Tom"]
[Black "Picard, Jean"]
[Result "1-0"]
[WhiteElo "2270"]
[BlackElo "1934"]
[PlyCount "97"]
[GameId "2160767912325934"]
[EventDate "1992.08.01"]
[EventType "swiss"]
[EventRounds "8"]
[EventCountry "CAN"]
[SourceTitle "EXT 2022"]
[Source "ChessBase"]
[SourceDate "2021.10.06"]
[SourceVersion "1"]
[SourceVersionDate "2021.10.06"]
[SourceQuality "1"]

1. e4 e5 2. Nf3 Nc6 3. Bb5 a6 4. Bxc6 dxc6 5. O-O Bg4 6. h3 h5 7. d3 Qf6 8. Nbd2 Ne7 9. Re1 Ng6 10. d4 Bd6 11. hxg4 hxg4 12. Nh2 Rxh2 13. Qxg4 Qh4 14. Qxh4 Rxh4 15. Nf3 Rh5 16. Be3 f6 17. g3 Kf7 18. Kg2 Re8 19. Nd2 exd4 20. Bxd4 c5 21. Bc3 b5 22. b3 Ne5 23. f4 Ng4 24. Nf3 c4 25. Bd4 c3 26. a3 Bc5 27. Bxc5 Rxc5 28. Rad1 Re7 29. Re2 a5 30. Rd4 Rc6 31. Nh4 Rd6 32. Rxd6 cxd6 33. Nf5 Rd7 34. Kf3 Nh6 35. Nd4 b4 36. a4 Rc7 37. Re3 Rc5 38. g4 Ng8 39. Nf5 d5 40. e5 Ne7 41. e6+ Kf8 42. Nd4 g6 43. f5 g5 44. Ke2 Nc6 45. e7+ Ke8 46. Ne6 Kxe7 47. Nxc5+ Kd6 48. Nd3 Nd4+ 49. Kd1 1-0

[Event "Quebec op"]
[Site "Montreal CAN"]
[Date "1992.08.03"]
[Round "3"]
[White "Caceres Cortes, Julio"]
[Black "O'Donnell, Tom"]
[Result "0-1"]
[WhiteElo "1929"]
[BlackElo "2270"]
[PlyCount "90"]
[GameId "2160767912325941"]
[EventDate "1992.08.01"]
[EventType "swiss"]
[EventRounds "8"]
[EventCountry "CAN"]
[SourceTitle "EXT 2022"]
[Source "ChessBase"]
[SourceDate "2021.10.06"]
[SourceVersion "1"]
[SourceVersionDate "2021.10.06"]
[SourceQuality "1"]

1. e4 Nc6 2. Nf3 e5 3. Bb5 Nge7 4. d4 exd4 5. Nxd4 d6 6. Nc3 Bd7 7. a4 Nxd4 8. Qxd4 Nc6 9. Qd1 g6 10. O-O Bg7 11. Be3 O-O 12. Qd2 Ne5 13. Be2 Be6 14. b3 f5 15. Rad1 Nc6 16. exf5 Bxf5 17. Bc4+ Kh8 18. Bg5 Qd7 19. Rfe1 Rae8 20. Rxe8 Rxe8 21. Nd5 Rf8 22. Re1 Ne5 23. Bf1 c6 24. f4 cxd5 25. fxe5 dxe5 26. Bb5 Qd6 27. Be3 a6 28. Bc4 d4 29. c3 d3 30. b4 Qd7 31. Bc5 Rc8 32. a5 e4 33. g4 Bxg4 34. Rxe4 Be2 35. Be6 Qa4 36. Rf4 Qc2 37. Be3 Re8 38. Bd7 Re7 39. Rc4 Qb1+ 40. Kg2 Qf1+ 41. Kg3 Qf3+ 42. Kh4 Bf6+ 43. Bg5 Qf2+ 44. Kh3 Bf1+ 45. Kg4 h5# 0-1

[Event "Quebec op"]
[Site "Montreal CAN"]
[Date "1992.08.05"]
[Round "5"]
[White "O'Donnell, Tom"]
[Black "Barbeau, Sylvain"]
[Result "1-0"]
[WhiteElo "2270"]
[BlackElo "2386"]
[PlyCount "57"]
[GameId "2160767912325972"]
[EventDate "1992.08.01"]
[EventType "swiss"]
[EventRounds "8"]
[EventCountry "CAN"]
[SourceTitle "EXT 2022"]
[Source "ChessBase"]
[SourceDate "2021.10.06"]
[SourceVersion "1"]
[SourceVersionDate "2021.10.06"]
[SourceQuality "1"]

1. e4 c5 2. Nf3 Nc6 3. d4 cxd4 4. Nxd4 Nf6 5. Nc3 d6 6. Bg5 Bd7 7. Be2 Qa5 8. Bxf6 gxf6 9. O-O Qg5 10. Kh1 Rg8 11. g3 O-O-O 12. f4 Qh6 13. Rf3 f5 14. Nxf5 Bxf5 15. exf5 Bg7 16. Rd3 Kb8 17. Bf3 Rc8 18. Bg2 Qf6 19. Rd5 a6 20. Rb1 h5 21. Ne4 Qh6 22. b4 Na7 23. b5 axb5 24. Nxd6 exd6 25. Rxd6 Bf6 26. Rb6 Rc7 27. Qd5 Rc6 28. R1xb5 Nxb5 29. Qxc6 1-0

[Event "Quebec op"]
[Site "Montreal CAN"]
[Date "1992.08.06"]
[Round "6"]
[White "O'Donnell, Tom"]
[Black "Beregovoy, Alexander"]
[Result "1/2-1/2"]
[WhiteElo "2270"]
[BlackElo "2397"]
[PlyCount "208"]
[GameId "2160767912325984"]
[EventDate "1992.08.01"]
[EventType "swiss"]
[EventRounds "8"]
[EventCountry "CAN"]
[SourceTitle "EXT 2022"]
[Source "ChessBase"]
[SourceDate "2021.10.06"]
[SourceVersion "1"]
[SourceVersionDate "2021.10.06"]
[SourceQuality "1"]

1. e4 Nf6 2. e5 Nd5 3. d4 d6 4. Nf3 Bg4 5. Be2 e6 6. O-O Be7 7. h3 Bh5 8. c4 Nb6 9. Nc3 O-O 10. Be3 d5 11. c5 Bxf3 12. gxf3 Nc8 13. f4 f5 14. b4 Rf7 15. Bf3 c6 16. b5 Bf8 17. Rb1 a6 18. b6 Be7 19. Re1 Bh4 20. Kf1 g6 21. Ke2 Rg7 22. Rg1 Nd7 23. Qd2 Nf8 24. Rg2 Rd7 25. Na4 Rg7 26. Nb2 Kh8 27. Nd3 Nd7 28. Kd1 Ne7 29. Kc2 Ng8 30. Kb2 Rc8 31. Ka1 Ne7 32. Be2 Ra8 33. Qc1 Ng8 34. Qf1 Nh6 35. Nb4 Nb8 36. f3 Ng8 37. Bf2 Be7 38. Qh1 Qe8 39. Bg3 Qd8 40. Qe1 Qe8 41. Qf2 Qd8 42. Nd3 Nd7 43. Nc1 Rc8 44. Nb3 Nb8 45. Na5 Qd7 46. Bh4 Rf8 47. Rbg1 Rff7 48. Bxe7 Qxe7 49. Bd3 Qd7 50. h4 Ne7 51. Qg3 h5 52. Rb2 Kh7 53. Rb4 Nc8 54. Rgb1 Rf8 55. Ra4 Rff7 56. Qf2 Qe7 57. Rb3 Rf8 58. Rba3 Qd8 59. Rb4 Qe7 60. Rba4 Qd8 61. Kb2 Rff7 62. Kc1 Rd7 63. Kd1 Rg8 64. Ke1 Rdg7 65. Kf1 Qe7 66. Rb3 Kh6 67. Qg3 Kh7 68. Qg5 Qd7 69. Rba3 Rf7 70. Kg2 Rfg7 71. Kh3 Rf7 72. Qg2 Rfg7 73. Qd2 Qe7 74. Nxb7 Qxb7 75. Bxa6 Nxa6 76. Rxa6 Kh6 77. Qc1 Kh7 78. Qe3 Kh6 79. Qc1 Kh7 80. R6a4 Kh6 81. Rb4 Kh7 82. Qf1 Kh6 83. Rb2 Qb8 84. Qe2 Rb7 85. Rb4 Rbg7 86. Qa6 Rb7 87. Qa8 Rgg7 88. Qxb8 Rxb8 89. Rab3 Rgb7 90. Ra4 Kg7 91. Kg3 Kf7 92. Kf2 Ke7 93. Ke2 Kd7 94. Rb1 Ke7 95. Ra6 Kd7 96. Ke3 Ke7 97. Rb3 Kd7 98. Ke2 Ke7 99. Kf2 Kd7 100. Ke3 Ke7 101. Kd3 Kd7 102. Kc3 Ke7 103. Rb1 Kd7 104. Rg1 Ne7 1/2-1/2

[Event "Quebec op"]
[Site "Montreal CAN"]
[Date "1992.08.07"]
[Round "7"]
[White "Teuton, Frank"]
[Black "O'Donnell, Tom"]
[Result "0-1"]
[WhiteElo "2245"]
[BlackElo "2270"]
[PlyCount "82"]
[GameId "2160767912325998"]
[EventDate "1992.08.01"]
[EventType "swiss"]
[EventRounds "8"]
[EventCountry "CAN"]
[SourceTitle "EXT 2022"]
[Source "ChessBase"]
[SourceDate "2021.10.06"]
[SourceVersion "1"]
[SourceVersionDate "2021.10.06"]
[SourceQuality "1"]

1. e4 c5 2. Nf3 d6 3. Bb5+ Bd7 4. Bxd7+ Qxd7 5. O-O Nc6 6. c3 Nf6 7. Re1 e6 8. d4 cxd4 9. Nxd4 Be7 10. c4 O-O 11. Nc3 Rfd8 12. Nc2 b6 13. b3 Rac8 14. Bb2 Qb7 15. Qe2 a6 16. Rad1 Rb8 17. Ne3 b5 18. f3 Ne5 19. Rd4 Qa7 20. Rd2 bxc4 21. bxc4 Rdc8 22. Kh1 Rb4 23. Ba3 Rbxc4 24. Ncd1 R4c6 25. Nf2 Qc7 26. Red1 Qb6 27. Bb2 Qa5 28. g3 h6 29. Kg2 Ne8 30. f4 Nc4 31. Nxc4 Rxc4 32. h3 Qa4 33. Kh2 Rc2 34. Kg2 Bf6 35. e5 dxe5 36. Ne4 exf4 37. Bxf6 Nxf6 38. Nxf6+ gxf6 39. gxf4 Rxd2 40. Rxd2 Qxf4 41. Rd3 Rc5 0-1

[Event "Quebec op"]
[Site "Montreal CAN"]
[Date "1992.08.08"]
[Round "8"]
[White "O'Donnell, Tom"]
[Black "Gulko, Boris"]
[Result "1/2-1/2"]
[WhiteElo "2270"]
[BlackElo "2620"]
[PlyCount "22"]
[GameId "2160767912326011"]
[EventDate "1992.08.01"]
[EventType "swiss"]
[EventRounds "8"]
[EventCountry "CAN"]
[SourceTitle "EXT 2022"]
[Source "ChessBase"]
[SourceDate "2021.10.06"]
[SourceVersion "1"]
[SourceVersionDate "2021.10.06"]
[SourceQuality "1"]

1. e4 c5 2. Nf3 Nc6 3. d4 cxd4 4. Nxd4 Nf6 5. Nc3 d6 6. Bg5 e6 7. Qd2 a6 8. O-O-O h6 9. Be3 Nxd4 10. Bxd4 b5 11. f3 Qa5 1/2-1/2

[Event "Labour Day op"]
[Site "Toronto CAN"]
[Date "1992.??.??"]
[Round "4"]
[White "O'Donnell, Tom"]
[Black "South, Robert"]
[Result "1-0"]
[WhiteElo "2390"]
[BlackElo "2240"]
[PlyCount "97"]
[GameId "2160767912388328"]
[EventDate "1992.??.??"]
[EventType "swiss"]
[EventRounds "6"]
[EventCountry "CAN"]
[SourceTitle "EXT 2000"]
[Source "ChessBase"]
[SourceDate "1999.11.18"]
[SourceVersion "1"]
[SourceVersionDate "1999.11.18"]
[SourceQuality "1"]

1. e4 c5 2. Nf3 e6 3. d4 cxd4 4. Nxd4 Nf6 5. Nc3 Nc6 6. Ndb5 Bb4 7. a3 Bxc3+ 8. Nxc3 O-O 9. Qd6 Qe7 10. Qxe7 Nxe7 11. Bg5 h6 12. Bh4 Ng6 13. Bg3 b6 14. Bd6 Rd8 15. O-O-O Bb7 16. f3 Rac8 17. Bb5 a6 18. Ba4 Bc6 19. Bb3 Ne8 20. Bg3 Kf8 21. Na4 Bxa4 22. Bxa4 Ke7 23. Rd2 b5 24. Bb3 d6 25. Rhd1 Ne5 26. f4 Nc4 27. Rd3 Rc6 28. Bh4+ f6 29. e5 Rdc8 30. exf6+ Nxf6 31. c3 R8c7 32. h3 Rd7 33. g4 Kf7 34. g5 Ne4 35. Rf3 d5 36. Bc2 Ncd6 37. gxh6 gxh6 38. f5 exf5 39. Rxd5 Ke6 40. Bb3 Rg7 41. Rdxf5+ Kd7 42. Rd5 Rc8 43. Rd1 Re8 44. Bf6 Rg2 45. Bf7 Rf8 46. Be5 Ke7 47. Bh5 Rxf3 48. Bxf3 Rf2 49. Bxe4 1-0

[Event "CAN-op"]
[Site "Windsor CAN"]
[Date "1991.07.15"]
[Round "4"]
[White "O'Donnell, Tom"]
[Black "Taylor, Gordon"]
[Result "1/2-1/2"]
[WhiteElo "2465"]
[BlackElo "2355"]
[PlyCount "83"]
[GameId "2160767912430564"]
[EventDate "1991.07.13"]
[EventType "swiss"]
[EventRounds "10"]
[EventCountry "CAN"]
[SourceTitle "CFC 1991.10"]

1. e4 c6 2. d4 d5 3. Nc3 dxe4 4. Nxe4 Bf5 5. Ng3 Bg6 6. Nf3 Nd7 7. h4 h6 8. h5 Bh7 9. Bd3 Bxd3 10. Qxd3 Qc7 11. Bd2 e6 12. O-O-O Ngf6 13. Ne4 O-O-O 14. g3 Nxe4 15. Qxe4 Nf6 16. Qe2 Bd6 17. Ne5 Bxe5 18. dxe5 Nd7 19. f4 c5 20. Qe4 Nb8 21. Be3 b6 22. c4 Rxd1+ 23. Rxd1 Rd8 24. Qh7 Rxd1+ 25. Kxd1 Qd8+ 26. Ke2 Qf8 27. g4 Nc6 28. Qe4 Kc7 29. f5 Qd8 30. f6 gxf6 31. exf6 e5 32. g5 hxg5 33. Bxg5 Qc8 34. Kf2 Qh3 35. h6 Qh2+ 36. Qg2 Qh5 37. Qg3 Nd4 38. Qxe5+ Kb7 39. Qe4+ Ka6 40. h7 Qh2+ 41. Kf1 Qh3+ 42. Kf2 1/2-1/2

[Event "CAN-op"]
[Site "Windsor CAN"]
[Date "1991.07.19"]
[Round "8"]
[White "O'Donnell, Tom"]
[Black "Lindsay, Fred"]
[Result "1-0"]
[WhiteElo "2465"]
[BlackElo "2307"]
[PlyCount "43"]
[GameId "2160767912430578"]
[EventDate "1991.07.13"]
[EventType "swiss"]
[EventRounds "10"]
[EventCountry "CAN"]
[SourceTitle "EXT 2022"]
[Source "ChessBase"]
[SourceDate "2021.10.06"]
[SourceVersion "1"]
[SourceVersionDate "2021.10.06"]
[SourceQuality "1"]

1. e4 e6 2. d4 d5 3. Nd2 Nf6 4. e5 Nfd7 5. c3 c5 6. f4 cxd4 7. cxd4 Nc6 8. Ndf3 Qb6 9. g3 Bb4+ 10. Kf2 f6 11. Kg2 g5 12. a3 Be7 13. exf6 Nxf6 14. fxg5 Ne4 15. b4 O-O 16. Be3 Rf5 17. Bd3 e5 18. Qb3 Nxd4 19. Qxd5+ Be6 20. Qxe4 Rd8 21. Bxd4 Rxd4 22. Nxd4 1-0

[Event "Groupe Commerce"]
[Site "Thetford Mines CAN"]
[Date "1991.06.29"]
[Round "3"]
[White "Levtchouk, George"]
[Black "O'Donnell, Tom"]
[Result "1/2-1/2"]
[WhiteElo "2272"]
[BlackElo "2350"]
[PlyCount "49"]
[GameId "2160767912430599"]
[EventDate "1991.06.28"]
[EventType "swiss"]
[EventRounds "5"]
[EventCountry "CAN"]
[SourceTitle "FQE 01"]

1. d4 d5 2. c4 e6 3. Nc3 c6 4. cxd5 exd5 5. Bf4 Nf6 6. e3 Bf5 7. Nge2 Bd6 8. Bxd6 Qxd6 9. Ng3 Bg6 10. h4 h6 11. h5 Bh7 12. Bd3 Bxd3 13. Qxd3 O-O 14. O-O-O Na6 15. Kb1 Rfe8 16. Rh4 Qe6 17. Qe2 Rad8 18. Qf3 Kh8 19. Rf4 Rd7 20. Rf5 Rde7 21. Qf4 Nc7 22. Na4 Na6 23. Nc3 Nc7 24. Na4 Na6 25. Nc3 1/2-1/2

[Event "Open de Montreal"]
[Site "Montreal CAN"]
[Date "1991.04.26"]
[Round "1"]
[White "Morin, Louis"]
[Black "O'Donnell, Tom"]
[Result "0-1"]
[WhiteElo "1905"]
[BlackElo "2293"]
[PlyCount "44"]
[GameId "2160767912439048"]
[EventDate "1991.04.26"]
[EventType "swiss"]
[EventRounds "5"]
[EventCountry "CAN"]
[SourceTitle "hb 2013"]

1. e4 c5 2. d4 cxd4 3. c3 Nf6 4. e5 Nd5 5. Bc4 Qc7 6. Qxd4 Nb6 7. Bb5 a6 8. Be3 axb5 9. Qxb6 Qxb6 10. Bxb6 Nc6 11. Na3 Ra6 12. Bc7 Na7 13. Nf3 e6 14. Nc2 d5 15. Nb4 Bxb4 16. cxb4 Bd7 17. Ke2 Bc6 18. Rhc1 Nc8 19. Nd4 Kd7 20. a4 Kxc7 21. axb5 Rxa1 22. Rxa1 Bd7 0-1

[Event "CAN-ch"]
[Site "Scarborough CAN"]
[Date "1991.??.??"]
[Round "?"]
[White "Day, Lawrence"]
[Black "O'Donnell, Tom"]
[Result "1/2-1/2"]
[WhiteElo "2385"]
[BlackElo "2375"]
[PlyCount "41"]
[GameId "2160767912451749"]
[EventDate "1991.??.??"]
[EventType "tourn"]
[EventRounds "9"]
[EventCountry "CAN"]
[SourceTitle "EXT 1997"]
[Source "ChessBase"]
[SourceDate "1996.11.15"]
[SourceVersion "1"]
[SourceVersionDate "1996.11.15"]
[SourceQuality "1"]

1. e4 c5 2. g3 Nc6 3. Bg2 g6 4. c4 Bg7 5. Nc3 e6 6. Nge2 Nge7 7. a3 O-O 8. Rb1 a5 9. d3 Nd4 10. O-O Nec6 11. b3 d6 12. Nxd4 Nxd4 13. Ne2 Bd7 14. a4 Bc6 15. Be3 Qd7 16. Nxd4 Bxd4 17. Bxd4 cxd4 18. Qd2 f5 19. f3 e5 20. Bh3 Qg7 21. Rbd1 1/2-1/2

[Event "CAN-ch"]
[Site "Scarborough CAN"]
[Date "1991.??.??"]
[Round "?"]
[White "Gentes, Kevin"]
[Black "O'Donnell, Tom"]
[Result "0-1"]
[WhiteElo "2235"]
[BlackElo "2375"]
[PlyCount "126"]
[GameId "2160767912451763"]
[EventDate "1991.??.??"]
[EventType "tourn"]
[EventRounds "9"]
[EventCountry "CAN"]
[SourceTitle "EXT 1997"]
[Source "ChessBase"]
[SourceDate "1996.11.15"]
[SourceVersion "1"]
[SourceVersionDate "1996.11.15"]
[SourceQuality "1"]

1. d4 d5 2. c4 e6 3. Nf3 c6 4. Nbd2 Nf6 5. e3 c5 6. dxc5 Bxc5 7. a3 O-O 8. b4 Be7 9. Bb2 b6 10. Be2 Bb7 11. O-O Nc6 12. Qb1 dxc4 13. Nxc4 b5 14. Rd1 Qc7 15. Ncd2 Qb6 16. Ne4 Nxe4 17. Qxe4 Rfd8 18. Bd3 g6 19. Qf4 Rd5 20. e4 Rd7 21. Rac1 Rad8 22. Rxc6 Rxd3 23. Rxd3 Rxd3 24. Rc1 Qd8 25. Ne1 Rd6 26. Qe3 Rd1 27. Kf1 Rxc1 28. Bxc1 Qd1 29. Bb2 f6 30. f3 a6 31. Qa7 Qd7 32. Bd4 Kf7 33. Ke2 Bc6 34. Qxa6 Bxe4 35. fxe4 Qxd4 36. Qxb5 Qxe4+ 37. Kf2 Qd4+ 38. Kf1 Qa1 39. Qa5 f5 40. Qa7 Kf6 41. Qa8 Kf7 42. Qf3 h5 43. Qb3 Bf6 44. Kf2 Qd4+ 45. Kf1 Qf4+ 46. Qf3 Qxh2 47. Qb7+ Be7 48. a4 Qf4+ 49. Nf3 Qxb4 50. Ne5+ Kf6 51. Qxb4 Bxb4 52. Nc6 Bc5 53. a5 f4 54. a6 Kf5 55. a7 Bxa7 56. Nxa7 e5 57. Nc8 Ke6 58. Kf2 g5 59. Nb6 e4 60. Nc4 h4 61. Ke2 g4 62. Nd2 Kd5 63. Nf1 g3 0-1

[Event "CAN-ch"]
[Site "Scarborough CAN"]
[Date "1991.??.??"]
[Round "?"]
[White "Leveille, Francois"]
[Black "O'Donnell, Tom"]
[Result "1/2-1/2"]
[WhiteElo "2325"]
[BlackElo "2375"]
[PlyCount "33"]
[GameId "2160767912451767"]
[EventDate "1991.??.??"]
[EventType "tourn"]
[EventRounds "9"]
[EventCountry "CAN"]
[SourceTitle "EXT 1997"]
[Source "ChessBase"]
[SourceDate "1996.11.15"]
[SourceVersion "1"]
[SourceVersionDate "1996.11.15"]
[SourceQuality "1"]

1. d4 Nc6 2. c4 e5 3. d5 Nce7 4. Nc3 Ng6 5. Qc2 Bc5 6. e3 d6 7. b4 Bb6 8. Na4 Nf6 9. Nf3 O-O 10. Be2 c6 11. dxc6 bxc6 12. Nxb6 Qxb6 13. Bd2 d5 14. O-O Ne4 15. Rfd1 Nxd2 16. Qxd2 Rd8 17. cxd5 1/2-1/2

[Event "CAN-ch"]
[Site "Scarborough CAN"]
[Date "1991.??.??"]
[Round "?"]
[White "O'Donnell, Tom"]
[Black "Filipovich, David"]
[Result "1-0"]
[WhiteElo "2375"]
[BlackElo "2240"]
[PlyCount "79"]
[GameId "2160767912451770"]
[EventDate "1991.??.??"]
[EventType "tourn"]
[EventRounds "9"]
[EventCountry "CAN"]
[SourceTitle "EXT 1997"]
[Source "ChessBase"]
[SourceDate "1996.11.15"]
[SourceVersion "1"]
[SourceVersionDate "1996.11.15"]
[SourceQuality "1"]

1. e4 d6 2. d4 Nf6 3. Nc3 g6 4. Be3 Bg7 5. f3 c6 6. Qd2 Nbd7 7. O-O-O Qa5 8. Kb1 b5 9. Bh6 Bxh6 10. Qxh6 b4 11. Nce2 Ba6 12. Nh3 Nb6 13. Nc1 Bxf1 14. Rhxf1 Qh5 15. Qd2 Qb5 16. g4 a5 17. Rfe1 a4 18. Nf4 O-O 19. h4 Rfb8 20. Qe2 Nc4 21. e5 Nd5 22. Nxd5 cxd5 23. e6 f6 24. Rd3 a3 25. b3 Nb2 26. Re3 Qc6 27. f4 Rc8 28. Qd2 Ra7 29. R1e2 Rac7 30. h5 Qb5 31. Qe1 g5 32. fxg5 fxg5 33. Rf3 Rc3 34. Ref2 Qc6 35. Qd2 h6 36. Rf7 Qb5 37. Rxe7 Rxc2 38. Qxc2 Rxc2 39. Rxc2 Qb6 40. Rc8+ 1-0

[Event "Toronto1"]
[Site "Toronto CAN"]
[Date "1990.??.??"]
[Round "3"]
[White "O'Donnell, Tom"]
[Black "Vaganian, Rafael"]
[Result "0-1"]
[WhiteElo "2410"]
[BlackElo "2605"]
[PlyCount "170"]
[GameId "2160767912481292"]
[EventDate "1990.04.??"]
[EventType "tourn"]
[EventRounds "11"]
[EventCountry "CAN"]
[EventCategory "9"]
[SourceTitle "CBM 020"]
[Source "ChessBase"]
[SourceDate "2004.01.01"]
[SourceVersion "1"]
[SourceVersionDate "2004.01.01"]
[SourceQuality "1"]

1. e4 e6 2. d4 d5 3. Nd2 c5 4. exd5 exd5 5. Bb5+ Nc6 6. Ngf3 Bd6 7. dxc5 Bxc5 8. O-O Nge7 9. Nb3 Bd6 10. Bg5 O-O 11. Re1 Bg4 12. Be2 h6 13. Bh4 Re8 14. Nfd4 Bxe2 15. Rxe2 Qb6 16. Bxe7 Bxe7 17. c3 Bf6 18. Nf3 a5 19. Rxe8+ Rxe8 20. a4 g6 21. h3 Kg7 22. Qc2 Re4 23. Rd1 Rxa4 24. Rxd5 Ra2 25. Rd2 a4 26. Nc1 Ra1 27. Kh2 Ne5 28. Nxe5 Bxe5+ 29. g3 Qc6 30. Rd1 Qf3 31. Re1 Qd5 32. Nd3 Rxe1 33. Nxe1 b5 34. Qe2 h5 35. h4 Bf6 36. Nc2 Qb3 37. Nd4 Bxd4 38. cxd4 Qd5 39. Qd2 Kf6 40. Kg1 Ke6 41. Qa5 Kf5 42. Qd2 Kf6 43. Qa5 Qb3 44. Qe1 Qe6 45. Qd2 Qd5 46. Qa5 Kg7 47. Qd2 f6 48. Qa5 g5 49. hxg5 fxg5 50. Qc7+ Kf6 51. Qc8 h4 52. Qh8+ Kg6 53. Qe8+ Kf5 54. gxh4 gxh4 55. Qh5+ Ke4 56. Qxh4+ Kd3 57. Qg3+ Kc2 58. Qc3+ Kb1 59. Kf1 Qb3 60. Qxb3 axb3 61. d5 Kxb2 62. d6 Kc3 63. d7 b2 64. d8=Q b1=Q+ 65. Ke2 Qe4+ 66. Kd1 Qf3+ 67. Kc1 Qf4+ 68. Kd1 Qg4+ 69. Ke1 Qe4+ 70. Kd1 Qc2+ 71. Ke1 b4 72. Qa5 Qe4+ 73. Kf1 Kb2 74. Kg1 b3 75. Qc5 Kb1 76. Kh2 Qf3 77. Qb6 b2 78. Qd4 Kc2 79. Qc4+ Qc3 80. Qa4+ Kc1 81. Qf4+ Qd2 82. Qc4+ Qc2 83. Qf4+ Kd1 84. Qg4+ Qe2 85. Qf5 Kc1 0-1